| 000 | 01248nam a22003137a 4500 | ||
|---|---|---|---|
| 999 |
_c64213 _d64213 |
||
| 005 | 20240530110720.0 | ||
| 008 | 180322s2016 ua a g b 000 0dara d | ||
| 017 |
_a2014/25099 _bمصر. دار الكتب |
||
| 020 | _a9789779200002 | ||
| 040 |
_aEG-CaGPL _cEG-CaGPL |
||
| 082 | 0 | 4 |
_221 _a401 / _bن ع |
| 100 | 1 | _aنينغ، خوانغ تشانغ | |
| 245 | 1 | 0 |
_aعلم الذخائر اللغوية / _cتاليف خوانغ تشانغ نينغ، لى جوان تزى ؛ ترجمة هشام موسى المالكى |
| 250 | _aط.1 | ||
| 260 |
_aالقاهرة : _bالمركز القومى للترجمة ، _c2016. |
||
| 300 |
_a537 ص. : _bايض ؛ _c24 سم. |
||
| 490 | 0 |
_aالمركز القومى للترجمة ؛ _v2523. |
|
| 504 | _aيشتمل على ارجاعات ببليوجرافية | ||
| 650 | 0 | 7 |
_2qrmak _aاللغة _xفلسفة |
| 650 | 0 | 7 |
_2qrmak _aفقه اللغة |
| 650 | 0 | 7 |
_2qrmak _aالاصوات اللغوية |
| 650 | 0 | 7 |
_2qrmak _aاللغة العربية |
| 650 | 0 | 7 |
_2qrmak _aاللغة الصينية |
| 650 | 0 | 7 |
_2qrmak _aاللغة، علم |
| 651 | _2qrmak | ||
| 700 | 0 |
_aهشام موسى المالكى _eمترجم |
|
| 700 | 1 |
_aتزى، لى جوان _eمؤلف مشارك |
|
| 942 |
_2ddc _cBK |
||